| 000 | 00543nam a22001697a 4500 | ||
|---|---|---|---|
| 008 | 161026b xxu||||| |||| 00| 0 eng d | ||
| 020 | _a9780030565441 | ||
| 050 | _aQC 30 .S47 2002 | ||
| 100 |
_aSerway, Raymond A. _d2002 |
||
| 245 |
_aHolt:Physics/ _cRaymond A. Serway and Jerry S. Faughn |
||
| 260 |
_aNew York: _bHolt, Rinehart and Winston, _c2002 |
||
| 300 |
_axxiii,1002p.: _bill.; |
||
| 521 | _aIncludes Glossary and Index. | ||
| 650 | _aPhysics | ||
| 700 | _aFaughn, Jerry S. | ||
| 942 |
_2lcc _cBOOKS _hQC 30 .S47 2002 |
||
| 999 |
_c15136 _d15136 |
||